| Поле | Инд. | ПП | Название | Значение |
|---|---|---|---|---|
| Тип записи | a | |||
| Библиографический уровень | b | |||
| 001 | Контрольный номер | c96ec5f6cb514437a9a54de9efd36e75 | ||
| 005 | Дата корректировки | 20240320143150.6 | ||
| 024 | 80 | a | Стандартный номер | 10.1134/S0020168523110146 |
| 040 | a | Служба первич. каталог. | Scopus | |
| 041 | 0_ | a | Код языка текста | rus |
| 097 | a | Костяева О.Г. | ||
| 100 | 1_ | a | Автор | Tyurin A. V. |
| 100 | 1_ | a | Автор | Chareev D. A. |
| c | Титул (звания) | доцент (ученое звание); кандидат химических наук; профессор (должность) | ||
| i | 000091010 | |||
| g | Прочие сведения | РИНЦ AuthorID: 135561 (http://elibrary.ru/author_profile.asp?id= 135561); SPIN-код: 6270-1872 (http://elibrary.ru/author_items.asp?authorid=135561); Scopus Author ID: 15051531400v (https://www.scopus.com/authid/detail.uri?authorId=15051531400); ORCID ID: http://orcid.org/0000-0002-9380-2680 | ||
| j | Принадлежность неизвестного автора к последователям, ученикам, сторонникам, школе и т. д. | государственный университет "Дубна" | ||
| k | Кафедра химии, новых технологий и материалов; Факультет естественных и инженерных наук | |||
| q | Полное имя | Чареев Дмитрий Александрович | ||
| u | Дополнение | Чареев Д. А.; Chareev D. A. | ||
| 100 | 1_ | q | Полное имя | Полотнянко Наталья Александровна |
| g | Прочие сведения | РИНЦ AuthorID: 181561 (http://elibrary.ru/author_items.asp?authorid=181561); SPIN-код: 3255-9963 (http://elibrary.ru/author_items.asp?authorid=181561); Scopus Author ID: 36601043000 (https://www.scopus.com/authid/detail.uri?authorId=36601043000) | ||
| a | Автор | Polotnyanko N. A. | ||
| u | Дополнение | Полотнянко Н. А.; Polotnyanko Natalya A. | ||
| c | Титул (звания) | кандидат химических наук; доцент (должность) | ||
| i | 000091001 | |||
| k | Кафедра химии, новых технологий и материалов; Факультет естественных и инженерных наук | |||
| j | Принадлежность неизвестного автора к последователям, ученикам, сторонникам, школе и т. д. | государственный университет "Дубна" | ||
| 100 | 1_ | a | Автор | Khoroshilov A. V. |
| 100 | 1_ | a | Автор | Puzanova I. G. |
| 100 | 1_ | a | Автор | Zgurskiy N. A. |
| j | Принадлежность неизвестного автора к последователям, ученикам, сторонникам, школе и т. д. | государственный университет "Дубна" | ||
| k | Кафедра химии, новых технологий и материалов; Факультет естественных и инженерных наук | |||
| q | Полное имя | Згурский Николай Александрович | ||
| u | Дополнение | Згурский Н. А. | ||
| 245 | 10 | a | Заглавие | Synthesis and Thermodynamic Functions of Ruthenium Dichalcogenides in a Wide Temperature Range |
| 513 | a | не отобрано, выбрана другая версия публикации | ||
| 773 | 18 | t | Название источника | Inorganic Materials |
| b | Сведения об издании | Pleiades Publishing, Ltd. | ||
| c | Russia | |||
| m | Специф. данные | входит в Белый список; входит в Scopus; входит в WoS; Входит в ядро РИНЦ; журнал из перечня ВАК; ненулевой импакт-фактор | ||
| n | Примечание | Неорганические материалы | ||
| p | Inorg. Mater.; INMA | |||
| x | ISSN | 0020-1685 | ||
| d | Место и дата издания | 2023 | ||
| q | У2 Белый список | |||
| g | Прочая информация | Т. 59. - С. 1230–1241 | ||
| w | Контрольный № источника | 6d11cd5f79ca4e289ef41147f0ae8812 | ||
| o | Прочие индексы | scopus 0.34 | ||
| 901 | t | Тип документа | b | |
| 952 | c | Вид литературы | статья в журнале |